| 000 | 00928nam a22002057a 4500 | ||
|---|---|---|---|
| 999 |
_c2638 _d2638 |
||
| 003 | AR-CdUCM | ||
| 008 | 190305b ||||| |||| 00| 0 spa d | ||
| 040 |
_aMUNICIPALIDAD PROVINCIAL DEL CUSCO _cBIBLIOTECA MUNICIPAL DEL CUSCO |
||
| 082 |
_a398 / _bI59 |
||
| 110 |
_aInstituto Nacional de Cultura Cusco _99277 |
||
| 245 | _aAndinidad (Tecnofolklore N°1) | ||
| 260 |
_aCusco : _bMercantil E.I.R.L , _c1996. |
||
| 300 |
_a261 páginas ; _c21 cm. |
||
| 505 | _aContenido: El Folklore -- Imagenería o Escultura Religiosa Cusqueña -- Instrumentos Musicales en el Folklore regional -- Un analisis metaforico del rol de la mujer y del varon en calca -- Cultura y Artesanía -- La medicina popular en chinchero -- La virgen del carmen de Paucartambo - Los pastores Inka... | ||
| 650 |
_aCultura y Artesania _99278 |
||
| 650 |
_aFolklore Cusqueño _98693 |
||
| 650 |
_aCristo Cusqueño _99279 |
||
| 942 |
_2ddc _cLIBROS |
||
| 945 | _artm | ||